LDR 00998naa#a2200181#i#450# 001 RU\\bibl\120464 005 20260417230514.5 011 ## _a2782-4586 100 ## _a20260331b2026####ek#y0rusy0150####ca 102 ## _aRU 200 1# _aМодернизация расчетной модели оценки вероятности страховых событий для целей оптимизации тарифообразования в условиях взаимозависимых рисков _eЖурнальная статья 210 1# _aМосква _cУниверситет ИТБО _d2026 215 ## _a6 с. 608 ## _aЖурнальная статья _2local 675 ## _aЭкономическое положение. Конъюнктура. Развитие хозяйственной структуры. Экономический рост. 338.1 _z 700 #1 _aСимоненко _gЕлена Сергеевна 700 #1 _aСтаростина _gДарья Сергеевна 856 4# _azhpi.ru _u